NBA Rookie 20 Points Per Game - Statistics

General Stats
  • This quiz has been taken 6,602 times
    646 since last reset
  • The average score is 26 of 51
Answer Stats
Season Team PPG Player % Correct
2003–04 Cavaliers 20.9 LeBron James
96%
1984–85 Bulls 28.2 Michael Jordan
95%
2018–19 Mavericks 21.2 Luka Dončić
94%
2023–24 Spurs 21.4 Victor Wembanyama
94%
2007–08 SuperSonics 20.3 Kevin Durant
93%
1992–93 Magic 23.4 Shaquille O'Neal
91%
1997–98 Spurs 21.1 Tim Duncan
91%
1959–60 Warriors 37.6 Wilt Chamberlain
89%
2016–17 76ers 20.2 Joel Embiid
88%
2019–20 Pelicans 22.5 Zion Williamson
87%
1989–90 Spurs 24.3 David Robinson
86%
1994–95 Bucks 21.9 Glenn Robinson
86%
1984–85 Rockets 20.6 Hakeem Olajuwon
86%
2003–04 Nuggets 21.0 Carmelo Anthony
84%
1996–97 76ers 23.5 Allen Iverson
83%
2025-26 Mavericks 21.0 Cooper Flagg
82%
2010–11 Clippers 22.5 Blake Griffin
81%
1969–70 Bucks 28.8 Kareem Abdul-Jabbar
80%
2017–18 Jazz 20.5 Donovan Mitchell
79%
1979–80 Celtics 21.3 Larry Bird
79%
1960–61 Royals 30.5 Oscar Robertson
72%
1954–55 Hawks 20.4 Bob Pettit
58%
1958–59 Lakers 24.9 Elgin Baylor
57%
1948–49 Lakers 28.3 George Mikan
53%
1977–78 Suns 24.2 Walter Davis
49%
1965–66 Warriors 25.7 Rick Barry
48%
1970–71 Hawks 23.2 Pete Maravich
43%
1992–93 Hornets 21.0 Alonzo Mourning
42%
1968–69 Rockets 28.4 Elvin Hayes
40%
1983–84 Rockets 21.0 Ralph Sampson
40%
2009–10 Kings 20.1 Tyreke Evans
39%
1977–78 Nets 24.2 Bernard King
34%
1971–72 Cavaliers 21.2 Austin Carr
32%
1999–00 Bulls 20.1 Elton Brand
31%
1976–77 Braves 20.3 Adrian Dantley
28%
1988–89 Warriors 22.0 Mitch Richmond
28%
1966–67 Pistons 20.0 Dave Bing
23%
1946–47 Warriors 23.2 Joe Fulks
20%
1967–68 Bullets 24.3 Earl Monroe
19%
1986–87 Cavaliers 22.9 Ron Harper
19%
1961–62 Packers 31.6 Walt Bellamy
14%
1982–83 Clippers 23.7 Terry Cummings
11%
1980–81 Jazz 20.6 Darrell Griffith
9%
1981–82 Pistons 21.6 Kelly Tripucka
9%
1979–80 Knicks 21.7 Bill Cartwright
8%
1970–71 Trail Blazers 24.8 Geoff Petrie
8%
1971–72 Trail Blazers 24.5 Sidney Wicks
8%
1982–83 Pacers 20.1 Clark Kellogg
7%
1981–82 Mavericks 21.4 Jay Vincent
7%
1949–50 Olympians 23.4 Alex Groza
6%
1962–63 Zephyrs 25.5 Terry Dischinger
6%
No matching quizzes found
Score Distribution
Percent of People with Each Score
Percentile by Number Answered
Your Score History
You have not taken this quiz since the last reset